[Event "Bank Pocztowy Open A"]
[Site "Bydgoszcz POL"]
[Date "2001.05.05"]
[Round "8"]
[White "Markowski,T"]
[Black "Pacuszka,T"]
[Result "1-0"]
[WhiteElo "2592"]
[BlackElo "2306"]

1.Nf3 d5 2.c4 e6 3.b3 Nf6 4.g3 Be7 5.Bg2 O-O 6.O-O c6 7.Bb2 Nbd7 8.Qc2 b6
9.d3 Bb7 10.e4 Rc8 11.Nbd2 b5 12.Rfe1 a6 13.Rad1 c5 14.cxd5 exd5 15.Bh3 d4
16.b4 cxb4 17.Qb1 Rc3 18.Nb3 Bc5 19.Nxc5 Nxc5 20.Bxc3 dxc3 21.Bf1 a5 22.Rc1 Ng4
23.d4 Na4 24.Qd3 f5 25.Qxb5 Bxe4 26.Ne5 Nxf2 27.Nd7 Nd3 28.Bxd3 Bxd3 29.Qxa4 Rf7
30.Re8+  1-0

[Event "Golden Cleopatra Open"]
[Site "Cairo EGY"]
[Date "2001.05.05"]
[Round "4"]
[White "El Ghazali,Y"]
[Black "Yousry,S"]
[Result "1/2-1/2"]
[WhiteElo "2343"]
[BlackElo "2274"]

1.Nf3 d5 2.c4 c6 3.g3 dxc4 4.Bg2 Nf6 5.O-O b5 6.a4 Bb7 7.b3 cxb3 8.Qxb3 Qd5
9.Qb2 a6 10.Ne5 Qe6 11.axb5 axb5 12.Rxa8 Bxa8 13.Qa1 Bb7 14.Qa7 Qc8 15.Ba3 Nfd7
16.Nxd7 Nxd7 17.Nc3 Ba6 18.Rc1 e6 19.Bxf8 Rxf8 20.Ne4 Kd8 21.Nc5 Nxc5 22.Qxc5 Rg8
23.Qd6+ Qd7 24.Qb8+  1/2-1/2

[Event "Golden Cleopatra Open"]
[Site "Cairo EGY"]
[Date "2001.05.07"]
[Round "6"]
[White "Abou el Zein,E"]
[Black "Afifi,As"]
[Result "1/2-1/2"]
[WhiteElo "2330"]
[BlackElo "2326"]

1.Nf3 d5 2.c4 Nf6 3.cxd5 Nxd5 4.e4 Nb6 5.d4 Bg4 6.Be2 g6 7.Nc3 Bg7 8.Be3 O-O
9.Rc1 c6 10.h3 Bxf3 11.gxf3 f5 12.f4 fxe4 13.h4 e6 14.h5 gxh5 15.Bxh5 Nd5
16.Qg4 Rf5 17.Nxe4 Nd7 18.Ng3 N7f6 19.Qh4 Qa5+ 20.Bd2 Qxa2 21.Nxf5 exf5 22.Bc3 Qc4
23.Rg1 Kf8 24.Bd2 Qxd4 25.Rc2 Qd3 26.Kd1 Rd8 27.Kc1 Rd7 28.Rd1 Qe4 29.Re1 Qa4
30.Kb1 Re7 31.Rxe7 Nxe7 32.Bf3 Qb5 33.Qh1 Ned5 34.Be2 Qb6 35.Bd3 Nb4 36.Bxb4+ Qxb4
37.Bxf5 Qxf4 38.Bxh7 Nd5 39.Qe1 Kf7 40.Qe2 Nf6 41.Bd3 Nd5 42.Qh5+ Ke7 43.Qh7 Qf6
44.Bc4 Nf4 45.Qe4+ Qe5 46.Qf3 Kd7 47.Rd2+ Kc7 48.Qe3 b6 49.Qb3 a5 50.Bg8 Bf6
51.Qf7+ Be7 52.Qh7 b5 53.Bf7 Kb6 54.Rc2 Bc5 55.Qh4 Qd4 56.Qh1 a4 57.Be8 Nd5
58.Qh2 Nb4 59.Qb8+ Ka6  1/2-1/2

[Event "FSIMB May"]
[Site "Budapest HUN"]
[Date "2001.05.13"]
[Round "9"]
[White "Eperjesi,L"]
[Black "Kaposztas,M"]
[Result "1/2-1/2"]
[WhiteElo "2303"]
[BlackElo "2273"]

1.Nf3 d5 2.c4 c6 3.d4 Nf6 4.cxd5 cxd5 5.Nc3 Nc6 6.Bf4 Bf5 7.e3 e6 8.Bd3 Bd6
9.Bxd6 Qxd6 10.O-O O-O 11.Rc1 Rac8 12.h3 a6 13.Na4 Na5 14.Ne5 b5  1/2-1/2

[Event "FSIMA May"]
[Site "Budapest HUN"]
[Date "2001.05.13"]
[Round "9"]
[White "Nyback,T"]
[Black "Galyas,M"]
[Result "1/2-1/2"]
[WhiteElo "2330"]
[BlackElo "2371"]

1.Nf3 d5 2.c4 d4 3.b4 f6 4.e3 e5 5.Qb3 c5 6.bxc5 Nc6 7.Ba3 Nh6 8.Bd3 f5 9.Be2 d3
10.Bxd3 e4 11.Be2 exf3 12.Bxf3 Be7 13.d4 O-O 14.Nc3 f4 15.O-O Nf5 16.Rae1 Nh4
17.Bd5+ Kh8 18.g3 f3 19.gxh4 Bxh4 20.Ne4 Ne7 21.c6 bxc6 22.Bxc6 Nxc6 23.Bxf8 Qxf8
24.Qb5 Qe8 25.Ng3 Bh3 26.Qd5 Bxg3 27.fxg3 Bxf1 28.Kxf1 Qg6 29.Qxf3 Qd3+ 30.Qe2 Qe4
31.Qg2 Qd3+ 32.Qe2 Qe4 33.Qg2 Rf8+ 34.Kg1 Rf3 35.Qd2 h5 36.Re2 h4 37.gxh4 Rf6
38.Rf2 Qb1+ 39.Kg2 Rg6+ 40.Kf3 Na5 41.Qc2 Rf6+ 42.Ke4 Qh1+ 43.Kd3 Rxf2 44.Qxf2 Qb1+
45.Kc3 Qc1+ 46.Kb4 Nc6+ 47.Kc5 Ne7 48.Kd6 Nc8+ 49.Kc5 Qa3+ 50.Kc6 Qd6+ 51.Kb5 a6+
52.Ka4 Qc6+ 53.Kb3 Nd6 54.Qe2 Qb6+ 55.Kc2 Qb4 56.c5 Nc4 57.Qh5+  1/2-1/2

[Event "TCh-RUS"]
[Site "Tomsk RUS"]
[Date "2001.05.16"]
[Round "4"]
[White "Ogloblin,N"]
[Black "Klimov,S"]
[Result "1/2-1/2"]
[WhiteElo "2472"]
[BlackElo "2438"]

1.Nf3 d5 2.c4 e6 3.g3 Nf6 4.Bg2 Be7 5.O-O O-O 6.d4 b6 7.Ne5 Bb7 8.Nc3 Qc8
9.cxd5 exd5 10.Qb3 c6 11.Bf4 Nbd7 12.Rac1 Qd8 13.Nd3 Re8 14.Rfd1 Nf8 15.Ne5 Ne6
16.Be3 Bd6 17.f4 Rc8 18.Bf2 Qe7 19.e4 dxe4 20.Nxe4 Nxe4 21.Bxe4 c5 22.Bxb7 Qxb7
23.dxc5 Bxe5 24.fxe5 Ng5 25.Qd5 Qxd5 26.Rxd5 Rxe5 27.Rxe5 Nf3+ 28.Kg2 Nxe5
29.Rc3 b5 30.Ra3 Nc6 31.Rd3 Ne5 32.Rb3 a6 33.Bd4 Nc6 34.Be3 Rd8 35.Rc3 f5
36.Bf4 Rd4 37.b3 Kf7 38.Rc2 Ke6 39.Bd6 g6 40.Kf2 a5  1/2-1/2

[Event "XXXVI Capablanca Mem Premier I"]
[Site "Havana CUB"]
[Date "2001.05.17"]
[Round "11"]
[White "Pazos Gambarrotti,P"]
[Black "Reinaldo Castineira,R"]
[Result "0-1"]
[WhiteElo "2421"]
[BlackElo "2425"]

1.Nf3 d5 2.c4 d4 3.g3 Nc6 4.Bg2 e5 5.d3 Nf6 6.O-O Nd7 7.e3 Be7 8.Na3 Nc5
9.e4 a5 10.Nc2 O-O 11.Rb1 f5 12.Nfe1 f4 13.b3 Ne6 14.a3 Ng5 15.Qe2 Rf6 16.b4 axb4
17.Nxb4 Nxb4 18.axb4 Qf8 19.f3 Bxb4 20.gxf4 exf4 21.Kh1 Bc3 22.Rb5 Rg6 23.Qd1 c6
24.Rb3 Ra2 25.Nc2 Bh3 26.Rf2 Ra7 27.Qf1 Bc8 28.Ba3 Qd8 29.Qc1 Ne6 30.Re2 Qh4
31.Qg1 Ra5 32.Rxc3 dxc3 33.d4 Rh5 34.d5 Ng5 35.Nd4 Nh3 36.Qf1 Nf2+ 37.Kg1 Qxh2+
38.Kxf2 Qg3+ 39.Kg1 Rgh6  0-1

[Event "TCh-YUG"]
[Site "Herceg Novi YUG"]
[Date "2001.05.17"]
[Round "4"]
[White "Laketic,G"]
[Black "Lazic,Mi"]
[Result "1/2-1/2"]
[WhiteElo "2448"]
[BlackElo "2475"]

1.Nf3 d5 2.c4 e6 3.e3 Nf6 4.b3 c6 5.Bb2 Nbd7 6.d4 Bd6 7.Nbd2 Qe7 8.a3 O-O
9.Ne5 Ne4 10.Bd3 Nxd2 11.Qxd2 Bxe5 12.dxe5 Nc5 13.cxd5 Nxd3+  1/2-1/2

[Event "TCh-YUG"]
[Site "Herceg Novi YUG"]
[Date "2001.05.18"]
[Round "5"]
[White "Arsovic,G"]
[Black "Lekic,D"]
[Result "1-0"]
[WhiteElo "2415"]
[BlackElo "2393"]

1.Nf3 d5 2.c4 e6 3.d4 Nf6 4.Nc3 Be7 5.Bg5 O-O 6.e3 h6 7.Bxf6 Bxf6 8.Qb3 c6
9.Be2 a5 10.Qc2 Nd7 11.Rd1 dxc4 12.Bxc4 a4 13.a3 Qa5 14.O-O Rd8 15.h3 b6
16.Ba2 Bb7 17.Bb1 Nf8 18.Ne4 Be7 19.Ne5 Rac8 20.Nc3 Ra8 21.Qe4 Bxa3 22.bxa3 Qxc3
23.Rd3 Qb2 24.Qf3 f6 25.Nc4 Qb5 26.Ba2 Qa6 27.e4 c5 28.d5 b5 29.Ne3 c4 30.Rdd1 Qd6
31.Qg4 Qe5 32.dxe6 h5 33.Qe2 Nxe6 34.Nxc4 bxc4 35.Qxc4 Re8 36.f4 Qa5 37.f5 Ba6
38.Qc6 Bxf1 39.Bxe6+ Kh7 40.Rxf1 Qd2 41.Kh2 Red8 42.Bd5 Rac8 43.Qxa4 Rc2
44.Rg1 Qf4+ 45.Kh1 Rdc8 46.Bb3 Rb2 47.Bc4 Qxe4 48.Bg8+  1-0

[Event "TCh-YUG"]
[Site "Herceg Novi YUG"]
[Date "2001.05.23"]
[Round "10"]
[White "Nikcevic,N"]
[Black "Zontakh,A"]
[Result "1-0"]
[WhiteElo "2476"]
[BlackElo "2532"]

1.Nf3 d5 2.c4 c6 3.e3 Nf6 4.Nc3 g6 5.d4 Bg7 6.Be2 O-O 7.O-O Be6 8.cxd5 cxd5
9.Qb3 b6 10.Bd2 Ne4 11.Rfc1 Nc6 12.Be1 Qd6 13.Ba6 Na5 14.Qc2 Bf5 15.Nh4 Nxc3
16.Nxf5 gxf5 17.Bxc3 f4 18.e4 dxe4 19.Qxe4 Rae8 20.d5 f5 21.Qf3 Bxc3 22.Rxc3 Rf6
23.a3 Qe5 24.Rd1 b5 25.Bxb5 Nb7 26.Qe2 Qxe2 27.Bxe2 Rb6 28.b4 Kg7 29.g3 fxg3
30.fxg3 Kf6 31.Bf3 Nd6 32.Rc6 Ra8 33.Rdc1 Rb7 34.R1c5 a5 35.Rxa5 Rxa5 36.bxa5 Rb3
37.Be2 Ke5 38.Rc7 Rxa3 39.a6 Kxd5 40.Rxe7 h5 41.Rh7 Ra2 42.Bf1 Ke5 43.Rxh5 Ne4
44.Rh8 Ra4 45.Re8+ Kf6 46.Kg2 Nd6 47.Rb8 Ke5 48.Rb6 Ra2+ 49.Kf3 Kd5 50.Ke3 Ra3+
51.Ke2 Kc5 52.Rb8 Kd4 53.Rd8 Ra2+ 54.Kf3 Ke5 55.Ke3 Ra3+ 56.Kd2 Ra2+ 57.Kc3 Ra3+
58.Kc2 Ne4 59.Kb2 Ra4  1-0

[Event "Open"]
[Site "Pula CRO"]
[Date "2001.05.23"]
[Round "6"]
[White "Novkovic,Mi"]
[Black "Macek,V"]
[Result "1-0"]
[WhiteElo "2406"]
[BlackElo "2234"]

1.Nf3 d5 2.c4 c6 3.e3 Nf6 4.Nc3 a6 5.b3 Bf5 6.Bb2 e6 7.Be2 h6 8.O-O Be7 9.d4 Ne4
10.Nxe4 Bxe4 11.Bd3 Bxd3 12.Qxd3 Nd7 13.e4 dxe4 14.Qxe4 Nf6 15.Qe2 O-O 16.Rad1 Qc7
17.Rd3 Rfd8 18.Rfd1 a5 19.a4 b5 20.Ne5 bxa4 21.bxa4 c5 22.d5 exd5 23.cxd5 c4
24.Rd4 c3 25.Rc4 Qb7 26.Bxc3 Rxd5 27.Nc6 Bd8 28.g3 Qd7 29.Rc1 Ne8 30.Qf3 f6
31.Be1 Kh7 32.h4 f5 33.Rc5 Nf6 34.Rxd5 Qxd5 35.Qxd5 Nxd5 36.Rd1  1-0

[Event "Open"]
[Site "Pula CRO"]
[Date "2001.05.25"]
[Round "8"]
[White "Jovanic,O"]
[Black "Feletar,D"]
[Result "1/2-1/2"]
[WhiteElo "2401"]
[BlackElo "2443"]

1.Nf3 d5 2.c4 dxc4 3.Qa4+ c6 4.Qxc4 Nf6 5.g3 b5 6.Qc2 Bb7 7.Bg2 Nbd7 8.O-O e6
9.d4 c5 10.Bf4 Rc8 11.Nbd2 Be7 12.Rac1 O-O 13.dxc5 Nxc5 14.Rfd1 Bd5 15.Qb1 Qb6
16.Be3 Qb7 17.b3 Nce4 18.Bd4 Rxc1 19.Qxc1 Rc8 20.Qb2 Nxd2 21.Rxd2 Qc7 22.Bf1 Ne4
23.Rd3 f6 24.Nd2 b4 25.Nxe4 Bxe4 26.Rd2 e5 27.Be3 Bf5 28.h4 Bc5 29.Bxc5 Qxc5
30.e4 Bxe4 31.Bc4+ Kh8 32.Rd7 Bc6 33.Rd1 Bf3 34.Rd7 Bg4 35.Rd5 Qe7 36.Qd2 Rb8
37.Rd6 h6 38.Qd5 e4 39.Qd4 Re8 40.Bb5 Rc8 41.Kh2 Kh7 42.Bd7 Bxd7 43.Rxd7 Qe6
44.Qxa7 Qg4 45.Rd2 Rc3 46.Qa6 Rf3 47.Qd6 Qf5 48.Qd4 e3 49.fxe3 Rf2+ 50.Rxf2 Qxf2+
51.Kh3 Qf1+ 52.Kh2 Qf2+  1/2-1/2

[Event "Open"]
[Site "Pula CRO"]
[Date "2001.05.25"]
[Round "8"]
[White "Rukavina,J"]
[Black "Sebestyen,Ba"]
[Result "1-0"]
[WhiteElo "2414"]
[BlackElo "2125"]

1.Nf3 d5 2.c4 c6 3.e3 e6 4.d4 Bd6 5.Bd3 f5 6.O-O Nd7 7.b3 Qf6 8.Ba3 Bb8 9.Nc3 Ne7
10.Rc1 O-O 11.Rc2 Re8 12.Qc1 Ng6 13.Ne1 Qf7 14.f4 Nf6 15.Nf3 Ne4 16.cxd5 exd5
17.Nxd5 Be6 18.Bxe4 Bxd5 19.Bxd5 Qxd5 20.Ne5 Bd6 21.Bxd6 Qxd6 22.Nxg6 Qxg6
23.Rc5 Rad8 24.Re5 Rxe5 25.fxe5 h6 26.Qc4+ Kh7 27.Qc2 Rf8 28.Rf4 Qg5 29.Qc5 Rf7
30.Qxa7 Qh5 31.Rf3 Qh4 32.Qa5 Qe4 33.Qd2 Rd7 34.Rf4 Qxe5 35.Qf2 Qe6 36.Rxf5 Re7
37.Re5 Qd7 38.Qc2+ Kh8 39.Qe4 Rxe5 40.Qxe5 Qd8 41.h3 Qd7 42.e4 Qd8 43.d5 cxd5
44.exd5 Qa5 45.Kh2 Qb5 46.Qd4 Qd7 47.d6  1-0

[Event "Open"]
[Site "Estensi ITA"]
[Date "2001.06.02"]
[Round "1"]
[White "Lelchuk,Z"]
[Black "Pircher,K"]
[Result "1/2-1/2"]
[WhiteElo "2411"]
[BlackElo "2041"]

1.Nf3 d5 2.c4 e6 3.g3 Nf6 4.Bg2 Be7 5.O-O O-O 6.d4 dxc4 7.Qa4 a6 8.Qxc4 b5
9.Qc2 Bb7 10.Bg5 Be4 11.Qd1 Nbd7 12.Nbd2 Bb7 13.Nb3 h6 14.Bxf6 Nxf6 15.Na5 Bd5
16.Ne5 Bxg2 17.Kxg2 Qd5+ 18.f3 c5 19.Nac6 Rfe8 20.e4 Qd6 21.dxc5 Qxc5 22.Rc1 Qb6
23.Qd4 Qxd4 24.Nxd4 Rec8 25.Ndc6 Kf8 26.Rfd1 Ke8 27.b4 Bf8 28.a3 Rc7 29.Na5 Rac8
30.Rxc7 Rxc7 31.Nac6 Nd7 32.f4 Be7 33.Rxd7 Rxd7 34.Nxd7 Kxd7 35.Ne5+ Ke8
36.Kf3 Bd6 37.Nd3 f6 38.e5 fxe5 39.fxe5 Be7 40.Ke4 Kd7 41.Kd4 Kc6 42.Nf4 Kd7
43.h4 g5 44.Ng6 gxh4 45.gxh4 Bd8 46.h5 Bb6+ 47.Kd3 Bf2 48.Ke4 Be1 49.Nf4 Bf2
50.Nd3 Bg1 51.Ne1 Bf2 52.Nf3 Bg3 53.Ke3 Ke7 54.Ke4 Bf2 55.Nh2 Be1 56.Kd3 Bg3
57.Ng4 Bf4 58.Kc3 Kd7 59.Kd4  1/2-1/2

[Event "2nd IECC"]
[Site "Ohrid MKD"]
[Date "2001.06.03"]
[Round "3"]
[White "Arbakov,V"]
[Black "Kocovski,I"]
[Result "1-0"]
[WhiteElo "2491"]
[BlackElo "2324"]

1.Nf3 d5 2.c4 d4 3.e3 Nc6 4.exd4 Nxd4 5.Nxd4 Qxd4 6.Nc3 e5 7.Qe2 f6 8.d3 Bg4
9.f3 Bf5 10.Nd5 Qc5 11.d4 Qc6 12.Nc3 Bb4 13.Bd2 O-O-O 14.d5 Qb6 15.a3 Bxc3
16.Bxc3 Qb3 17.Qe3 Kb8 18.Be2 Ne7 19.O-O Qb6 20.Qxb6 axb6 21.f4 exf4 22.Rxf4 Rhe8
23.Re1 Bc8 24.Bh5 Ng6 25.Rfe4 Rxe4 26.Rxe4 b5 27.cxb5 Rxd5 28.Be2 Bd7 29.a4 Ne5
30.Kf2 Bf5 31.Rd4 Rxd4 32.Bxd4 b6 33.Bxe5 fxe5 34.b4 Bc2 35.a5 bxa5 36.bxa5 Ba4
37.Ke3 c6 38.b6 Bb5 39.Bxb5 cxb5 40.Ke4 b4 41.Kd3  1-0

[Event "2nd IECC"]
[Site "Ohrid MKD"]
[Date "2001.06.05"]
[Round "5"]
[White "Arbakov,V"]
[Black "Kizov,A"]
[Result "1-0"]
[WhiteElo "2491"]
[BlackElo "2368"]

1.Nf3 d5 2.c4 d4 3.e3 Nc6 4.exd4 Nxd4 5.Nxd4 Qxd4 6.Nc3 c6 7.d3 Nh6 8.Be3 Qd8
9.Bxh6 gxh6 10.d4 Bg7 11.d5 Bf5 12.g4 Qb6 13.Qd2 Bd7 14.h3 cxd5 15.Nxd5 Qd6
16.O-O-O Bc6 17.Bg2 O-O 18.Rhe1 Bxd5 19.Bxd5 Rac8 20.Kb1 Rc7 21.Qe3 Qb4 22.Qb3 Qc5
23.Re2 a6 24.Qe3 Qb4 25.a3 Qa4 26.Rc1 e6 27.Qb6 Qd7 28.Be4 Rfc8 29.Rec2 Qe7
30.f3 Qf6 31.Bxb7 Rxb7 32.Qxb7 Qd8 33.c5 Rb8 34.c6  1-0

[Event "2nd IECC"]
[Site "Ohrid MKD"]
[Date "2001.06.14"]
[Round "13"]
[White "Miroshnichenko,E"]
[Black "Rogic,D"]
[Result "1/2-1/2"]
[WhiteElo "2520"]
[BlackElo "2457"]

1.Nf3 d5 2.c4 c6 3.d4 Nf6 4.Nc3 dxc4 5.a4 Bf5 6.Nh4 Bc8 7.g3 Qa5 8.Bg2 e5
9.dxe5 Qxe5 10.Nf3 Qa5 11.O-O Be7 12.Qd4 Qc5 13.Qxc5 Bxc5 14.Bg5 Be7 15.a5 Na6
16.Ne5 O-O 17.Nxc4 Be6 18.Bxf6 Bxf6 19.Nd6 Rab8 20.Rfd1 Rfd8 21.Nde4 Be7
22.Nd2 Rd7 23.Nf3 Rxd1+ 24.Rxd1 Rd8 25.Nd4 Bb4 26.e3 Bxc3 27.bxc3 c5 28.Bxb7 Nc7
29.Rc1 cxd4 30.cxd4 Ne8 31.d5 Bd7 32.a6 Kf8 33.e4 Ke7 34.e5 Rb8 35.f4 Kd8
36.d6 Bc8 37.Bxc8 Rxc8 38.Rb1 f6 39.Rb7 fxe5 40.fxe5 Rc5 41.e6 Nxd6 42.Rd7+ Ke8
43.Rxd6 Rc7 44.Rd2 Ke7 45.Re2 g6 46.Kg2 h6 47.g4 Rc6 48.Rb2 Rxa6 49.Rb7+ Kxe6
50.Rh7 Ke5 51.Rxh6 Kf4 52.h3 Ra2+ 53.Kf1 Kg5 54.Rh8 a5 55.Ke1 a4 56.Kd1 a3
57.Kc1 Rh2 58.Kb1 Re2 59.Ra8 Kh4 60.Rh8+ Kg5 61.Ra8 Rh2 62.Rxa3  1/2-1/2

[Event "White Nights"]
[Site "St Petersburg RUS"]
[Date "2001.06.16"]
[Round "8"]
[White "Eliseev,A"]
[Black "Yevseev,D"]
[Result "0-1"]
[WhiteElo "2471"]
[BlackElo "2513"]

1.Nf3 d5 2.c4 c6 3.e3 Nf6 4.Nc3 e6 5.Qc2 Nbd7 6.b3 Bd6 7.Bb2 O-O 8.Be2 b6
9.cxd5 cxd5 10.Nb5 Be7 11.Rc1 Bb7 12.Qc7 a6 13.Nbd4 Nc5 14.Qf4 Qd6 15.Qh4 Rac8
16.O-O Ncd7 17.Nc2 Rfe8 18.g4 Ne4 19.Qh3 Bf6 20.d4 g6 21.Bd3 Qb8 22.Rfe1 Bg7
23.g5 Rc7 24.Nb4 b5 25.Rxc7 Qxc7 26.Rc1 Qd6 27.a3 a5 28.Nc2 b4 29.Qf1 Qe7
30.h4 f6 31.Qg2 Rf8 32.axb4 axb4 33.Nce1 Qd6 34.Ra1 fxg5 35.hxg5 e5 36.Bb5 exd4
37.exd4 Rf7 38.Nd3 Nf8 39.Nde5 Rf5 40.Bc1 Qb6 41.Bf1 Bxe5 42.dxe5 Ne6 43.Be3 d4
44.Nxd4 Nxd4 45.Bc4+ Kg7 46.e6 Rxg5 47.Bxg5 Nxg5 48.e7 Ndf3+ 49.Kf1 Qd4 50.Re1 Nd2+  0-1

[Event "Savic-Mauzer Mem"]
[Site "Bijeljina YUG"]
[Date "2001.06.21"]
[Round "6"]
[White "Ivkov,B"]
[Black "Puric,N"]
[Result "0-1"]
[WhiteElo "2425"]
[BlackElo "2200"]

1.Nf3 d5 2.c4 e6 3.d4 c6 4.e3 Nf6 5.Nbd2 Ne4 6.Bd3 f5 7.Ne5 g6 8.O-O Bg7
9.f3 Nxd2 10.Bxd2 O-O 11.Bc3 Nd7 12.cxd5 Nxe5 13.dxe5 exd5 14.b4 f4 15.exf4 Rxf4
16.g3 Rf7 17.Qd2 Be6 18.Bd4 b6 19.Rac1 Rc8 20.a3 Bf8 21.Be3 c5 22.Ba6 Rcc7
23.Be2 Qd7 24.h4 d4 25.Bf2 Bd5 26.f4 Qh3  0-1

[Event "Open"]
[Site "Karvina CZE"]
[Date "2001.07.01"]
[Round "2"]
[White "Vokac,M"]
[Black "Hrtanek,J"]
[Result "1-0"]
[WhiteElo "2480"]
[BlackElo "2257"]

1.Nf3 d5 2.c4 e6 3.b3 Nf6 4.Bb2 Be7 5.g3 O-O 6.Bg2 Nbd7 7.O-O c6 8.Nc3 b6
9.d4 Bb7 10.Qc2 Rc8 11.e4 Nxe4 12.Nxe4 dxe4 13.Qxe4 Nf6 14.Qc2 c5 15.dxc5 Be4
16.Qc3 Bxc5 17.Rfe1 Ba8 18.Ne5 Bxg2 19.Kxg2 Qe7 20.Qf3 Bd6 21.Rad1 Bxe5 22.Bxe5 Rfd8
23.h4 Ne8 24.Bb2 h6 25.a4 Qc7 26.Be5 Qe7 27.Bf4 Nd6 28.Bxd6 Rxd6 29.Rxd6 Qxd6
30.Rd1 Qc7 31.Qd3 Qc6+ 32.Kg1 Rf8 33.Qd7 Qf3 34.Rd3 Qe4 35.Qd4 Qc6 36.a5 bxa5
37.Qxa7 Ra8 38.Qe7 Qe4 39.Rd8+ Rxd8 40.Qxd8+ Kh7 41.Qd1 a4 42.bxa4 Qxc4 43.a5 Qb5
44.Qa1 Qa6 45.Qb1+ f5 46.Qb6 Qe2 47.a6 Qd1+ 48.Kh2 Qf3 49.Qe3 Qd5 50.Qa3 Qd2
51.Kg2 e5 52.a7 Qd5+ 53.Kg1 Qa8 54.h5 f4 55.gxf4 exf4 56.Qa2 Kh8 57.f3  1-0

[Event "Open"]
[Site "Karvina CZE"]
[Date "2001.07.04"]
[Round "5"]
[White "Hasangatin,R"]
[Black "Talla,V"]
[Result "1-0"]
[WhiteElo "2463"]
[BlackElo "2410"]

1.Nf3 d5 2.c4 c6 3.g3 Nf6 4.Bg2 Bg4 5.cxd5 Bxf3 6.Bxf3 cxd5 7.O-O e6 8.d3 Nc6
9.Bg2 Bc5 10.Nc3 O-O 11.a3 Rc8 12.Rb1 Qd7 13.Bd2 a6 14.b4 Ba7 15.b5 axb5
16.Nxb5 Bc5 17.Qb3 Ra8 18.Rfc1 Be7 19.a4 Rfc8 20.Bc3 Ra6 21.e4 Rca8 22.Ra1 h6
23.h3 Rb6 24.Rcb1 Rba6 25.Kh2 Kh8 26.f4 d4 27.Bd2 Bc5 28.Rf1 b6 29.g4 Na7
30.g5 Nxb5 31.gxf6 Nc7 32.fxg7+ Kxg7 33.e5 Nd5 34.f5 Rxa4 35.Rxa4 Rxa4 36.Rg1  1-0

[Event "Open"]
[Site "Karvina CZE"]
[Date "2001.07.05"]
[Round "6"]
[White "Zabystrzan,P"]
[Black "Cujdik,J"]
[Result "1-0"]
[WhiteElo "2282"]
[BlackElo "2151"]

1.Nf3 d5 2.c4 e6 3.g3 c5 4.Bg2 Nc6 5.O-O Nf6 6.d3 Be7 7.a3 O-O 8.Nc3 d4 9.Na2 a5
10.b3 Qc7 11.Qc2 h6 12.Bd2 b6 13.b4 axb4 14.axb4 Bb7 15.Rfb1 Ra7 16.Rb2 Bd6
17.Rab1 Ba8 18.Nc1 Ne5 19.bxc5 Nxf3+ 20.Bxf3 bxc5 21.Bxa8 Rfxa8 22.Rb5 Nd7
23.Nb3 Ra2 24.Rb2 R2a7 25.Qb1 Kf8 26.Qf1 Ra2 27.Qg2 R2a7 28.Qe4 Nf6 29.Qf3 Ra6
30.Bxh6 Qc6 31.Qxf6 gxh6 32.Qxh6+ Ke7 33.Qg5+ Kf8 34.Qf6 Kg8 35.Qf3 Qxf3
36.exf3 Ra3 37.f4 Kg7 38.Kf1 Ra2 39.Rxa2 Rxa2 40.Nxc5 Bxc5 41.Rxc5 Rd2 42.Rc7 Rxd3
43.Rd7  1-0

[Event "6th Leg Russian Cup"]
[Site "Tomsk RUS"]
[Date "2001.07.05"]
[Round "6"]
[White "Glushakov,V"]
[Black "Erikalov,A"]
[Result "0-1"]
[WhiteElo "2209"]
[BlackElo "2475"]

1.Nf3 d5 2.c4 c6 3.d4 e6 4.e3 Bd6 5.Nc3 f5 6.Qb3 Nf6 7.g3 O-O 8.Bg2 Nbd7
9.Bd2 Ne4 10.h4 Ndf6 11.Ne2 b6 12.Nf4 Qe7 13.Rc1 Ng4 14.O-O Ba6  0-1

[Event "ch-SCO"]
[Site "Aberdeen SCO"]
[Date "2001.07.11"]
[Round "5"]
[White "Norris,A"]
[Black "Shaw,J"]
[Result "1/2-1/2"]
[WhiteElo "2304"]
[BlackElo "2478"]

1.Nf3 d5 2.c4 c6 3.b3 Nf6 4.g3 Qb6 5.cxd5 cxd5 6.Bb2 Nc6 7.Bg2 e5 8.O-O Bd6
9.d4 e4 10.Ne5 O-O 11.Nxc6 bxc6 12.Ba3 c5 13.Nc3 cxd4 14.Na4 Qd8 15.Bxd6 Qxd6
16.Qxd4 Ba6 17.Nc3 Rfd8 18.Rfd1 Qb6 19.Qxb6 axb6 20.e3 Kf8 21.Bf1 Ke7 22.Rac1 Bxf1
23.Kxf1 b5 24.Rc2 b4 25.Nb5 Rdc8 26.Nc7 Kd7 27.Rdc1 Ra5 28.Nxd5 Rxc2 29.Nxf6+ Ke6
30.Rxc2 Kxf6 31.Rc4 Ke5 32.Rxb4 Rxa2 33.Rb7 Ke6 34.g4 g5 35.Rb4 Ke5 36.Rb5+ Kf6
37.b4 Rb2 38.Kg2 h6 39.Rb8 Kg6 40.b5 Kg7 41.b6 Rb1 42.h3 Kh7 43.Kg3 Rg1+
44.Kh2 Rb1 45.Kg2 Kg7 46.b7 Kh7 47.f3 exf3+ 48.Kxf3 Kg7 49.Ke4 Rb2 50.Ke5 Rb1
51.e4 Rb2 52.Kd6 Rb1 53.e5 Rd1+ 54.Ke7 Rb1 55.Ke8 Rb2 56.Kd7 Rd2+ 57.Kc6 Rc2+
58.Kd6 Rd2+ 59.Ke7  1/2-1/2

[Event "Open"]
[Site "Hyeres FRA"]
[Date "2001.07.12"]
[Round "8"]
[White "Garrido,De"]
[Black "Thevenet,Y"]
[Result "1/2-1/2"]
[WhiteElo "2248"]
[BlackElo "2148"]

1.Nf3 d5 2.c4 c6 3.g3 Nf6 4.Bg2 g6 5.O-O Bg7 6.cxd5 cxd5 7.d4 O-O 8.Nc3 Nc6
9.Ne5 Bf5 10.Nxc6 bxc6 11.Na4 Nd7 12.b3 e5 13.Bb2 e4 14.Rc1 Rc8 15.Ba3 Re8
16.e3 Qg5 17.h3 h5 18.Bd6 h4 19.g4 Be6 20.f4 exf3 21.Qxf3 f5 22.gxf5 Bxf5
23.Bf4 Qe7 24.Rfe1 Rf8 25.Qe2 Qb4 26.Nc5 Rf7 27.a3 Qxa3 28.Ra1 Qb4 29.Ra4 Qc3
30.Rxa7 Nxc5 31.Rxf7 Kxf7 32.dxc5 Qxc5 33.Qf2 Bf6 34.Kh1 Ra8 35.Rf1 Ra3 36.Bh2 Rxb3
37.Qf4 Qe7 38.e4 dxe4 39.Qc1 Rc3 40.Qh6 Rc2 41.Qh7+ Ke6 42.Qg8+ Qf7 43.Qc8+ Ke7
44.Bd6+ Kxd6 45.Rd1+ Kc5 46.Qa8 Qa2 47.Qf8+ Kb6 48.Qb8+ Kc5  1/2-1/2

[Event "ch-NOR"]
[Site "Kristiansund NOR"]
[Date "2001.07.12"]
[Round "7"]
[White "Groenn,A"]
[Black "Gausel,E"]
[Result "0-1"]
[WhiteElo "2365"]
[BlackElo "2520"]

1.Nf3 d5 2.c4 c6 3.d4 Nf6 4.e3 e6 5.Bd3 Nbd7 6.O-O dxc4 7.Bxc4 a6 8.a4 Bd6
9.Qe2 O-O 10.b3 e5 11.Ba3 Bxa3 12.Rxa3 exd4 13.exd4 Nb6 14.a5 Nbd5 15.Qb2 Qd6
16.Re1 Be6 17.Nbd2 Rad8 18.Ra4 Rfe8 19.Bf1 Qf4 20.g3 Qc7 21.Nc4 h6 22.Nce5 Ne7
23.Nd3 Bf5 24.Nc5 Ned5 25.Rc1 Ne4 26.Bg2 Re7 27.Qa1 Qd6 28.Rac4 Qb8 29.Nh4 Bh7
30.Nf3 f6 31.Bh3 Rde8 32.Bf1 Kh8 33.Ra4 Qc8 34.Bg2 Qf5 35.Rac4 Nxf2 36.Nxb7 Nh3+
37.Bxh3 Qxh3 38.Re1 Rxe1+ 39.Nxe1 Re2  0-1

[Event "2nd IM"]
[Site "Saint Lo FRA"]
[Date "2001.07.12"]
[Round "6"]
[White "Salaun,Y"]
[Black "Mullon,J"]
[Result "1-0"]
[WhiteElo "2405"]
[BlackElo "2311"]

1.Nf3 d5 2.c4 c6 3.b3 Bg4 4.e3 e6 5.Be2 Nd7 6.Bb2 f5 7.cxd5 cxd5 8.Nd4 Bxe2
9.Qxe2 Qb6 10.Nc3 Kf7 11.Rc1 Ngf6 12.O-O a6 13.Rc2 Bd6 14.Rfc1 Rhe8 15.a3 Qa7
16.b4 Nb6 17.d3 Rad8 18.Qf3 Kg8 19.Nce2 Qb8 20.Nf4 e5 21.Nxf5 exf4 22.Bxf6 gxf6
23.Qg4+ Kf7 24.Nh6+ Ke7 25.Qg7+ Ke6 26.Qf7+ Ke5 27.d4+ Ke4 28.Qxh7+ f5 29.Qxf5+  1-0

[Event "Asian U20"]
[Site "Tehran IRI"]
[Date "2001.07.16"]
[Round "5"]
[White "Mousavi,S"]
[Black "Hassan,Ab"]
[Result "1/2-1/2"]
[WhiteElo "2139"]
[BlackElo "2242"]

1.Nf3 d5 2.c4 c6 3.b3 Bg4 4.Ne5 Bf5 5.Bb2 Nd7 6.Nxd7 Qxd7 7.d3 Nf6 8.Nd2 e6
9.g3 Be7 10.Bg2 O-O 11.O-O Rfd8 12.Nf3 h6 13.Rc1 a5 14.a3 Qc7 15.cxd5 exd5
16.Ne5 Bd6 17.d4 Qe7 18.Ra1 Re8 19.f3 Nd7 20.e4 Bxe5 21.exf5 Bc7 22.Re1 Qf6
23.Qd3 Bb6 24.f4 Nc5 25.Qc2 Ne4 26.Bxe4 Bxd4+ 27.Bxd4 Qxd4+ 28.Kg2 dxe4 29.Rad1 Qf6
30.Rxe4 Rxe4 31.Qxe4 Qb2+ 32.Kh3 Qxb3 33.Rd3 Qb5 34.g4 c5 35.g5 Re8 36.Qd5 hxg5
37.fxg5 Qb1 38.g6 Qf1+ 39.Kg3 Qg1+ 40.Kh3 Qf1+ 41.Kg3 Qe1+ 42.Kh3 Re3+ 43.Rxe3 Qxe3+
44.Kg2 Qe2+ 45.Kh3 Qe3+ 46.Kg2  1/2-1/2

[Event "EuChJun Girls"]
[Site "Patras GRE"]
[Date "2001.07.18"]
[Round "3"]
[White "Radziewicz,I"]
[Black "Zakurdjaeva,I"]
[Result "1/2-1/2"]
[WhiteElo "2375"]
[BlackElo "2264"]

1.Nf3 d5 2.c4 c6 3.e3 Nf6 4.Nc3 a6 5.d4 b5 6.b3 Bg4 7.Be2 Nbd7 8.O-O e6 9.Nd2 Bxe2
10.Qxe2 Be7 11.e4 dxe4 12.Ncxe4 O-O 13.Bb2 Qb6 14.Rac1 Rfe8 15.Rc2 Nxe4 16.Nxe4 Rac8
17.Rfc1 Qb8 18.Qf3 f5 19.Ng3 Bg5 20.Rd1 g6 21.Nf1 Nf6 22.Bc1 Bxc1 23.Rdxc1 b4
24.Rd1 Qd6 25.Ng3 Rcd8 26.Rcc1 Rd7 27.Qe2 Kf7 28.c5 Qf4 29.Qxa6 Ng4 30.Qf1 Rxd4
31.Rxd4 Qxd4 32.Rc4 Qd2 33.Rxg4 fxg4 34.Ne4 Qxa2 35.Nd6+ Ke7 36.Nxe8 Kxe8
37.Qd1 Qb2 38.g3 Qc3 39.Qxg4 Qxb3 40.h4 Qb1+ 41.Kg2 Qb3 42.Kh2 Qa2  1/2-1/2

[Event "16th Maccabia IM"]
[Site "Tel Aviv ISR"]
[Date "2001.07.18"]
[Round "4"]
[White "Rinberg,A"]
[Black "Porat,D"]
[Result "1-0"]
[WhiteElo "2328"]
[BlackElo "2145"]

1.Nf3 d5 2.c4 e6 3.g3 Nf6 4.Bg2 Be7 5.O-O O-O 6.d4 b6 7.b3 Bb7 8.Bb2 c5 9.cxd5 exd5
10.Nbd2 Nc6 11.Rc1 Ne4 12.dxc5 Nxd2 13.Qxd2 bxc5 14.Rfd1 d4 15.Nxd4 cxd4
16.Bxc6 Bg5 17.f4 Bxc6 18.Rxc6 Bf6 19.Bxd4 Qd5 20.Rc4 Rad8 21.e3 Rfe8 22.Qf2 Qh5
23.Rd2 Qa5 24.Ra4 Qd5 25.Bxf6 Qxd2 26.Bxd8 Qc1+ 27.Kg2 Rxd8 28.Rd4 Qc6+ 29.Qf3 Qc2+
30.Kh3 Re8 31.Qd1 Qf5+ 32.Kg2 h5 33.Qd3 Qa5 34.Qd2 Qb6 35.Qd1 g6 36.Kf2 Qf6
37.Rd7 h4 38.Qd4 Qc6 39.Rd8 h3 40.Rxe8+ Qxe8 41.e4 Qc6 42.Qc4 Qb6+ 43.Kf3 Qg1
44.Qe2 Qh1+ 45.Ke3 Qc1+ 46.Kd3 Qb1+ 47.Qc2 Qf1+ 48.Kc3 Qa1+ 49.Kb4 Qd4+ 50.Ka3 Qd6+
51.Ka4 Qa6+ 52.Kb4 Qd6+ 53.Kc3 Qc5+ 54.Kd3 Qg1 55.b4 Qf1+ 56.Kc3 Qe1+ 57.Kc4 a5
58.a3 a4 59.Kb5 Qf1+ 60.Kxa4 Qg2 61.Kb3 Qf3+ 62.Kb2 Qe3 63.Qc8+ Kh7 64.Qxh3+ Kg7
65.Qg2 Qd4+ 66.Ka2 Qc4+ 67.Kb1  1-0